<?xml version="1.0" encoding="UTF-8"?>
<record
    xmlns:xsi="http://www.w3.org/2001/XMLSchema-instance"
    xsi:schemaLocation="http://www.loc.gov/MARC21/slim http://www.loc.gov/standards/marcxml/schema/MARC21slim.xsd"
    xmlns="http://www.loc.gov/MARC21/slim">

  <leader>01557nam0a2200301 i 4500</leader>
  <controlfield tag="001">RU\NLR\bibl\1938425</controlfield>
  <controlfield tag="005">20260406145005.0</controlfield>
  <datafield tag="010" ind1=" " ind2=" ">
    <subfield code="a">9785699578146</subfield>
    <subfield code="9">5100</subfield>
  </datafield>
  <datafield tag="021" ind1=" " ind2=" ">
    <subfield code="a">RU</subfield>
    <subfield code="b">2012-56115</subfield>
    <subfield code="9">388&#x434;/12</subfield>
  </datafield>
  <datafield tag="035" ind1=" " ind2=" ">
    <subfield code="a">(NLR Aleph) 001927714</subfield>
  </datafield>
  <datafield tag="090" ind1=" " ind2=" ">
    <subfield code="a">3392797</subfield>
    <subfield code="c">3392797</subfield>
  </datafield>
  <datafield tag="100" ind1=" " ind2=" ">
    <subfield code="a">20120829d2012    u  y0rusy50      ca</subfield>
  </datafield>
  <datafield tag="101" ind1="0" ind2=" ">
    <subfield code="a">rus</subfield>
  </datafield>
  <datafield tag="102" ind1=" " ind2=" ">
    <subfield code="a">RU</subfield>
  </datafield>
  <datafield tag="105" ind1=" " ind2=" ">
    <subfield code="a">a   |||||||||</subfield>
  </datafield>
  <datafield tag="200" ind1="1" ind2=" ">
    <subfield code="a">&#x421;&#x447;&#x430;&#x441;&#x442;&#x44C;&#x44F; &#x438; &#x440;&#x430;&#x441;&#x43F;&#x43B;&#x430;&#x442;&#x44B;</subfield>
    <subfield code="e">&#x441;&#x442;&#x438;&#x445;&#x438; 2011-2012 &#x433;&#x43E;&#x434;&#x43E;&#x432;</subfield>
    <subfield code="f">&#x415;&#x432;&#x433;&#x435;&#x43D;&#x438;&#x439; &#x415;&#x432;&#x442;&#x443;&#x448;&#x435;&#x43D;&#x43A;&#x43E;</subfield>
  </datafield>
  <datafield tag="210" ind1=" " ind2=" ">
    <subfield code="a">&#x41C;&#x43E;&#x441;&#x43A;&#x432;&#x430;</subfield>
    <subfield code="c">&#x42D;&#x43A;&#x441;&#x43C;&#x43E;</subfield>
    <subfield code="d">2012</subfield>
  </datafield>
  <datafield tag="215" ind1=" " ind2=" ">
    <subfield code="a">397, [1] &#x441;., [12] &#x43B;. &#x438;&#x43B;., &#x446;&#x432;. &#x438;&#x43B;., &#x43F;&#x43E;&#x440;&#x442;&#x440;.</subfield>
    <subfield code="c">&#x438;&#x43B;.</subfield>
    <subfield code="d">17</subfield>
  </datafield>
  <datafield tag="225" ind1="1" ind2=" ">
    <subfield code="a">&#x41F;&#x43E;&#x44D;&#x437;&#x438;&#x44F; &#x43F;&#x43E;&#x434;&#x430;&#x440;&#x43E;&#x447;&#x43D;&#x430;&#x44F;</subfield>
  </datafield>
  <datafield tag="327" ind1="1" ind2=" ">
    <subfield code="a">&#x421;&#x43E;&#x434;&#x435;&#x440;&#x436;.: &#x414;&#x43E;&#x440;&#x430; &#x424;&#x440;&#x430;&#x43D;&#x43A;&#x43E;: &#x43F;&#x43E;&#x44D;&#x43C;&#x430;; &#x446;&#x438;&#x43A;&#x43B;&#x44B;: &#x41E;&#x442; &#x441;&#x442;&#x440;&#x430;&#x445;&#x430; &#x43C;&#x44B;&#x441;&#x43B;&#x438;&#x442;&#x44C;, &#x43F;&#x440;&#x43E;&#x441;&#x442;&#x43E; &#x43B;&#x435;&#x43D;&#x438;...; &#x412; &#x421;&#x442;&#x430;&#x43B;&#x438;&#x43D;&#x441;&#x43A;&#x43E;&#x439; &#x44D;&#x440;&#x435;, &#x43F;&#x44B;&#x448;&#x43D;&#x43E;&#x439; &#x438; &#x43D;&#x438;&#x437;&#x43A;&#x43E;&#x439;; &#x41F;&#x43E;&#x44D;&#x437;&#x438;&#x44F; - &#x432;&#x435;&#x43B;&#x438;&#x43A;&#x430;&#x44F; &#x434;&#x435;&#x440;&#x436;&#x430;&#x432;&#x430;; &#x412;&#x435;&#x43D;&#x43E;&#x43A; &#x41C;&#x430;&#x43D;&#x434;&#x435;&#x43B;&#x44C;&#x448;&#x442;&#x430;&#x43C;&#x443;; &#x414;&#x435;&#x440;&#x436;&#x438;&#x442;&#x435;&#x441;&#x44C;, &#x43F;&#x435;&#x441;&#x43D;&#x438; &#x440;&#x443;&#x441;&#x441;&#x43A;&#x438;&#x435;!; &#x41A;&#x430;&#x43A; &#x438;&#x437; &#x441;&#x442;&#x440;&#x430;&#x43D;&#x438;&#x446; &#x441;&#x43B;&#x430;&#x433;&#x430;&#x435;&#x442;&#x441;&#x44F; &#x438; &#x43F;&#x43E;&#x432;&#x435;&#x441;&#x442;&#x44C;, &#x442;&#x430;&#x43A; &#x438;&#x437; &#x43B;&#x44E;&#x434;&#x435;&#x439; &#x441;&#x43B;&#x430;&#x433;&#x430;&#x435;&#x442;&#x441;&#x44F; &#x438; &#x441;&#x43E;&#x432;&#x435;&#x441;&#x442;&#x44C;; &#x42F; &#x43D;&#x43E;&#x436;&#x43E;&#x43C; &#x43D;&#x438;&#x447;&#x44C;&#x438;&#x445; &#x438;&#x43A;&#x43E;&#x43D; &#x43D;&#x435; &#x440;&#x430;&#x441;&#x43A;&#x440;&#x43E;&#x448;&#x443;; &#x41C;&#x43E;&#x44F; &#x440;&#x43E;&#x434;&#x438;&#x43D;&#x430; &#x432;&#x441;&#x435;&#x433;&#x434;&#x430; &#x441;&#x43E; &#x43C;&#x43D;&#x43E;&#x439;</subfield>
  </datafield>
  <datafield tag="686" ind1=" " ind2=" ">
    <subfield code="a">&#x428;6(2=&#x420;)8-5</subfield>
  </datafield>
  <datafield tag="700" ind1=" " ind2="1">
    <subfield code="4">070</subfield>
    <subfield code="8">rus</subfield>
    <subfield code="7">ca</subfield>
    <subfield code="a">&#x415;&#x432;&#x442;&#x443;&#x448;&#x435;&#x43D;&#x43A;&#x43E;</subfield>
    <subfield code="b">&#x415;. &#x410;.</subfield>
    <subfield code="f">1933-2017</subfield>
    <subfield code="g">&#x415;&#x432;&#x433;&#x435;&#x43D;&#x438;&#x439; &#x410;&#x43B;&#x435;&#x43A;&#x441;&#x430;&#x43D;&#x434;&#x440;&#x43E;&#x432;&#x438;&#x447;</subfield>
    <subfield code="3">RU\NLR\AUTH\774450</subfield>
    <subfield code="9">114430</subfield>
  </datafield>
  <datafield tag="801" ind1=" " ind2="0">
    <subfield code="a">RU</subfield>
    <subfield code="b">NLR</subfield>
    <subfield code="c">20120829</subfield>
    <subfield code="g">RCR</subfield>
  </datafield>
  <datafield tag="801" ind1=" " ind2="1">
    <subfield code="a">RU</subfield>
    <subfield code="b">NLR</subfield>
    <subfield code="c">20120829</subfield>
  </datafield>
  <datafield tag="942" ind1=" " ind2=" ">
    <subfield code="c">BOOK</subfield>
  </datafield>
  <datafield tag="980" ind1=" " ind2=" ">
    <subfield code="a">NBR</subfield>
  </datafield>
</record>
